Hullu klikkaus matematiikka - Statistics

Yleistilastot
  • Tätä visaa on pelattu 126 kertaa
  • Keskiarvotulos 17 / 30
Vastaustilastot
Hint Vastaus % Oikein
1+1 2
100%
Mikä tässä on suurin luk 4
99%
3-1 2
95%
12/4 3
95%
2+1 3
95%
4-2 2
91%
-4+6 2
88%
5/2.5 2
84%
3^1 3
84%
2(3-1) 4
83%
2^2 4
83%
9-8 1
79%
Kuutiojuuri 27:stä 3
76%
40/10 4
76%
2/1 2
73%
(2^3)/(2^2) 2
67%
2^0 1
62%
6(1/2) 3
52%
48/24+2 4
40%
4:n neliöjuuri 2
33%
30-58/2 1
20%
56/8-4 3
18%
(-4)^2-15 1
15%
6/(4+2) 1
13%
(20-10)/5 2
13%
2x+4=10 laske x:n arvo 3
10%
2x+4=7x-1 laske x:n arvo 1
6%
Pienin luonnollinen luku 1
4%
2^2 4
4%
Kuinka monta positiivista tekijää 6:lla on? 4
4%
Ehtoja vastaavia visoja ei löytynyt
Tulosjakauma
Jokaisen tuloksen saaneiden osuus
Persentiili vastausten määrän mukaan
Tuloshistoriasi
Et ole pelannut tätä visaa